000
00283nam a2200121Ia 4500
005
20251222152007.0
008
251222s9999||||xx |||||||||||||| ||spa||
082
_a
658.56/I49B
245
0
_a
Bebidas alcohólicas vitivinÃcolas
250
_a
1ra.Ed.
264
_b
Adobe
942
_c
LIB
999
_c
24755
_d
24755